000 00497nam a22001817a 4500
005 20170711154426.0
010 _aENG-119153
020 _a9788181579973
_c150.00
035 _aEN-102685
037 _bDBAD/PUB
082 _a881
100 _aSharad Chandra
245 _aConcrete and paper /
_cby Sharda Chandra
260 _aCalcutta
_bWriters Workshop
_c2010
270 _a162/92 Lake garden
_bCalcutta
_e700045
300 _a68p.
_c22cm(Hb)
942 _2ddc
_cEN
_h881
_mSHA
999 _c142435
_d142435